Quizzes
Events
Quiz Creation
Community
Videos
Private Events
Remove Ads
Sign In
Join for FREE
Feedback
Dark Mode
Quiz Categories
Sports
Geography
Music
Movies
Television
Just For Fun
Miscellaneous
History
Literature
Language
Science
Gaming
Entertainment
Religion
Holiday
For Kids
Quiz Lab
Recent
Popular Today
Quiz Kudos Today
Editor Picks
Curator Picks
Quizzes by...
Day
Popularity
Type
Ratings
Length
Year
Community
Subscriptions
Recent Discussions
Orange Saloon
Badges
Playlists
Quests
Create
Leaderboards
Showdown
Live 5
Trivia Bingo
Activity
Puzzle Library
Sporcle Events
Private Events
Virtual Trivia
Globe League
Become a Host
Pub Owners
SporcleCon
Opinionation
Our Games
Videos
Blog
Mobile Apps
Partnerships
Remove Ads and Go Orange
Feedback
Movies
Disney
Marvel Cinematic Universe
Movie Resume
Movie Titles
Oscar
Actor
Actress
Director
Pixar
Role
Movie Quotes
Movie Characters
Box Office
Nominee
Best Picture
Star Wars
James Bond
Horror Movies
Movies
Disney
Marvel Cinematic Universe
Movie Resume
Movie Titles
Oscar
Actor
Actress
Director
Pixar
Role
Movie Quotes
Movie Characters
Box Office
Nominee
Best Picture
Star Wars
James Bond
Horror Movies
Random Quiz
Search Sporcle
×
Quiz Lab
Quiz Lab
Movies
Type in answers that appear in a list
Type in answers that appear in a list
Classic
Best Score? Go Orange.
Movies by first line Stats
Can you name the Movies by first line?
By
jlpoehlman
12m
25 Questions
435 Plays
435 Plays
435 Plays
Comments
Comments
Give Quiz Kudos
Give Quiz Kudos
-
- Ratings
hide this ad
Random Order
Randomize order of answers
Randomize order of answers
Replay
Link that replays current quiz
Next Quiz
Link to next quiz in quiz playlist
You Got
0%
They Got
Avg Score
57%
Avg Friend Score
Upgrade to see
Score Distribution
Jump to the score distribution portion of the page
Score
0/25
Timer
12:00
0
Plays Today
Line
Movie
% Correct
Way out west there was this fella... fella I wanna tell ya about. Fella by the name of Jeff Lebowski.
The Big Lebowski
89.4%
People are always asking me if I know Tyler Durden
Fight Club
84.4%
Rosebud....
Citizen Kane
82.5%
I shall tell you of William Wallace. Historians from England will say I am a liar, but history is written by those who have hanged heroes.
Braveheart
82.5%
Good morning, Miss Ratched
One Flew over the Cuckoo's Nest
73.1%
Mr. Dufresne, describe the confrontation you had with your wife the night she was murdered
Shawshank Redemption
71.7%
I owe everything to George Bailey. Help him, dear Father
It's a Wonderful Life
71%
If you just learn a single trick, Scout, you'll get along a lot better with all kinds of folks.You never really understand a person until you consider things from his point of view
To Kill a Mockingbird
68.5%
Echo three to Echo seve, Han, old buddy, do you read me?
Empire Strikes Back
67.8%
3 billion human lives ended on August 29th, 1997. The survivors of the nuclear fire called the war Judgment Day. They lived only to face a new nightmare
Terminator 2
67.6%
Hi, I've got an appointment with Mr. Ullman. My name is Jack Torrance.
The Shining
66.4%
I should have known that you would be here, Professor McGonagall
Harry Potter and the Sorcerer's Stone
65.7%
Starling! Crawford wants to see you in his office.
Silence of the Lambs
64.4%
Line
Movie
% Correct
I believe in America. America has made my fortune
Godfather
62.8%
There was me, that is Alex, and my three droogs, that is Pete, Georgie, and Dim, and we sat in the Korova Milkbar trying to make up our rassoodocks what to do with the evening.
Clockwork Orange
60.9%
Yes, this is Sunset Blvd., Los Angeles, California. It's about 5 0'clock in the morning. That's the homicide squad, complete with detectives and newspaper men.
Sunset Boulevard
55.4%
Statler Toyota is making the best deals of the year on all 1985 model Toyotas. You won't find a better car at a better price with better service anywhere in Hill Valley...
Back to the Future
47.6%
I don't want to be a product of my environment. I want my environment to be a product of me. Years ago we had the church. That was only a way of saying -
we had each other.
The Departed
46.9%
Come to Los Angeles! The sun shines bright, the beaches are wide and inviting, and the orange groves stretch as far as the eye can see. There are jobs aplenty, and land is cheap.
LA Confidential
40.5%
The world is changed. I feel it in the water. I feel it in the earth. I smell it in the air.
Lord of the Rings
40%
How you doing Keaton?
Usual Suspects
37.9%
The Hovitos are near. The poison is still fresh, three days. They are following us.
Raiders of the Lost Ark
30.6%
wanna know the secret to air travel? After you get where you're going, take off your shoes and your socks then walk around on the rug bare foot and make fists with your toes.
Die Hard
26.2%
I remember those cheers /
They still ring in my ears /
After years, they remain in my thoughts. /
Go to one night /
I took off my robe, and what'd I do? I forgot to wear shorts.
Raging Bull
26%
All right, Curly. Enough's enough. You can't eat the Venetian blinds. I just had them installed on Wednesday.
Chinatown
16.1%
Quiz Playlist
Details
Report
Send in Message
Add To Playlist
Classic:
Type in answers that appear in a list
Random Order:
Randomize order of answers
Last Updated: Feb 16, 2017
Quiz Scoreboard
CHALLENGE
Sign Up to Join the Scoreboard
Show All
Scores
Hide
Comments
May contain spoilers
Recently Published
College Basketball Coaching Resumes
by pancakes188
Sports
9m
Billboard Blitz: Fleetwood Mac
by CooCooCachoo
Music
15s
Presidents Visiting Landmarks
by Hejman
History
7m
More to Explore
Quiz From the Vault
Featured Blog Post
Where Did the Easter Bunny Come From?
hide this ad
You Might Also Like...
Tags
This quiz does not have any tags.
Today's Top Quizzes in Movies
Browse Movies
hide this ad
Top Contributed Quizzes in Movies
1
Pick 5 Posters: Directed by Spielberg
2
7-to-1: Pixar Characters
3
Pick 5 Posters: Lowest-Rated Spielberg
4
Sorting Actors
5
Pick 5 Posters: Directed by Scorsese
6
Sorting Actresses
7
Pick 5 Posters: Star & Director
8
Pick 5 Posters: Women Directed 2020s
9
12 Movies about Fictional 1960s Events
10
Multi-Oscar Nominations, One Movie, One Winner
Explore More
Trending Topics
Disney
Crossword
Harry Potter
Kpop
Marvel
Anime
NBA
Pokémon
Song
NFL
Puzzle
Soccer
Country
WWE
The Office
hide this ad
More By:
jlpoehlman
Quiz
Plays
Rating
Category
Featured
Created
Movies by first line
435
3.86
Movies
Feb 11, 2011
James Bond Film by Quote
303
4.67
Movies
Oct 12, 2011
World Baseball Classic-US roster-2009
179
5.00
Sports
Feb 11, 2011
Go to Creator's Profile
Score Distribution
Quiz Creator Spotlight
jlpoehlman
Follow
Send a Message
Quizzes Created
-
Created Quiz Play Count
-
More By This Creator
Popular Quizzes Today
1
Find the US States - No Outlines Minefield
2
Find the Countries of Europe - No Outlines Minefield
3
The Countries of the World
4
Find the US States
5
Risky Map Clicking: Biggest States A-Z
6
US States
7
Popular People in 1961
8
Movies - When Are They Set?
More Movies Quizzes
Movie Makeup Oscar Winners
Published
Trending Quizzes
Risky Map Clicking: Least Populous States A-Z
1-10 Letter G Words
1-10 Letter F Words
Risky Map Clicking: Next State Alphabetically
Risky Map Clicking: Biggest States A-Z
Recently Updated
Leaping Animals
pecheneg
Reality TV Shows (A-Z)
bhenderson79
Rickey Henderson's Hall of Fame Teammates
pecheneg
Champions League XIs: Arsenal
pecheneg
Quick Pick: Celebrities in WWE's Hall of Fame
aduchscher
A-Z Keypad Blitz II
pecheneg
Multiple Oscar Actors
pecheneg
Mystery Phrase Blitz: Oscar 'Best Actors'
pecheneg
F. Scott Fitzgerald Novels
LTH
Pick 3 Villains
ddd62291
Trending Topics
Kpop
Anime
Harry Potter
Crossword
Marvel
NBA
Disney
WWE
Country
Puzzle
Pokémon
NFL
Song
Soccer
The Office
Your Account Isn't Verified!
In order to create a playlist on Sporcle, you need to verify the email address you used during registration. Go to your
Sporcle Settings
to finish the process.
Report this User
Report this user for behavior that violates our
Community Guidelines
.
Details:
Send Report
Go to the Sporcle.com Mobile Site →
Comments